Ḳunṭres Pitgeme Oraita : divre Torah ... ʻal parashiyot ... /

Saved in:
Bibliographic Details
Main Author: Leifer, Mordecai ben Abraham Aba, of Pittsburgh and Ashdod.
Format: Book
Language:Hebrew
Published: Ḳiryat Piṭsburg, Ashdod : Makhon le-hotsaʼat kitve Rabotenu ha-ḳedoshim, [2005?]
Subjects:
Tags: Add Tag
No Tags, Be the first to tag this record!
LEADER 00810nam a22002177u 4500
001 009727553-0
005 20060405112459.0
008 910306m2005 is |||||||heb|d
035 0 |a ocm62561596 
100 1 |a Leifer, Mordecai ben Abraham Aba,  |c of Pittsburgh and Ashdod. 
245 1 0 |a Ḳunṭres Pitgeme Oraita :  |b divre Torah ... ʻal parashiyot ... /  |c mi ... Admor shliṭa ... 
246 3 |a Pitgeme Oraita 
260 0 |a Ḳiryat Piṭsburg, Ashdod :  |b Makhon le-hotsaʼat kitve Rabotenu ha-ḳedoshim,  |c [2005?] 
300 |a v. ;  |c 25 cm. 
505 0 |a [1] Be-reshit-Toldot--[2] Ṿa-yetse-Ṿa-yeḥi, Ḥanukah--[3] Shemot-Mishpaṭim. 
650 0 |a Hasidism. 
630 0 0 |a Bible.  |p Pentateuch  |v Commentaries. 
650 0 |a Fasts and feasts  |x Judaism. 
752 |a Israel  |d Ashdod. 
988 |a 20050803 
906 |0 MH